Arqueología romana y visigótica de Extremadura : (Record no. 165512)
[ view plain ]
| 000 -LEADER | |
|---|---|
| campo de control de longitud fija | 01534nam a2200265 i 4500 |
| 001 - NÚMERO DE CONTROL | |
| campo de control | 165512 |
| 003 - IDENTIFICADOR DE NÚMERO DE CONTROL | |
| campo de control | ES-MaACL |
| 005 - FECHA Y HORA DE LA ÚLTIMA TRANSACCIÓN | |
| campo de control | 20250928125449.0 |
| 008 - DATOS DE LONGITUD FIJA--INFORMACIÓN GENERAL | |
| campo de control de longitud fija | 931025s1900 sp |||| | spa d |
| 100 2# - ENTRADA PRINCIPAL--NOMBRE DE PERSONA | |
| Nombre de persona | Solano y Galvez de San Pelayo, Mariano Carlos, |
| Títulos y otros términos asociados al nombre | Marqués de Monsalud |
| 9 (RLIN) | 132796 |
| 245 10 - MENCIÓN DEL TÍTULO | |
| Título | Arqueología romana y visigótica de Extremadura : |
| Resto del título | discursos leídos ante la Real Academia de la Historia en la recepción pública del Excmo. Señor D. Mariano Carlos Solano Gálvez de San Pelayo y Villalpando, marqués de Monsalud, el día 3 de junio de 1900. |
| 260 ## - PUBLICACIÓN, DISTRIBUCIÓN, ETC. | |
| Lugar de publicación, distribución, etc. | Madrid : |
| Nombre del editor, distribuidor, etc. | [Real Academia de la Historia], |
| Fecha de publicación, distribución, etc. | 1900 ( |
| Fabricante | Est. Tip. de Fortanel) |
| 300 ## - DESCRIPCIÓN FÍSICA | |
| Extensión | 85 p. : |
| Otras características físicas | il. ; |
| Dimensiones | 28 cm. |
| 505 8# - NOTA DE CONTENIDO CON FORMATO | |
| Nota de contenido con formato | Contiene: Apuntes biográficos del Excmo. Sr. D. Vicente Barrantes y Moreno / [Mariano Carlos Solano Gálvez de San Pelayo] |
| 530 ## - NOTA DISPONIBLE DE FORMULARIO FÍSICO ADICIONAL | |
| Nota de formato físico adicional disponible | Disponible en formato digital. |
| 594 ## - Nota al título y mención de responsabilidad | |
| Nota al título y mención de responsabilidad | Recoge el discurso de Mariano Carlos Solano, y el de contestación del R.P. Fidel Fita y Colomer. |
| 600 14 - PUNTO DE ACCESO ADICIONAL DE MATERIA--NOMBRE DE PERSONA | |
| Nombre de persona | Barrantes, Vicente, |
| Fechas asociadas al nombre | 1829-1898 |
| 9 (RLIN) | 25851 |
| 651 #4 - PUNTO DE ACCESO ADICIONAL DE MATERIA--NOMBRE GEOGRÁFICO | |
| Nombre geográfico | Extremadura- |
| Subdivisión general | Restos arqueológicos. |
| 9 (RLIN) | 157492 |
| 700 1# - ENTRADA AGREGADA--NOMBRE PERSONAL | |
| Nombre de persona | Fita, Fidel, |
| Fechas asociadas al nombre | 1835-1917 |
| 9 (RLIN) | 51052 |
| 710 2# - ENTRADA AGREGADA--NOMBRE DE ENTIDAD CORPORATIVA | |
| Nombre de entidad corporativa o nombre de jurisdicción como elemento de entrada | Real Academia de la Historia (España) |
| 9 (RLIN) | 6309 |
| 752 ## - ENTRADA AGREGADA--NOMBRE JERÁRQUICO DEL LUGAR | |
| País o entidad superior | España - |
| Ciudad | Madrid |
| 852 4# - LOCALIZACIÓN | |
| Ubicación | ES-MaACL |
| Número de control de estantería | F-M-III-G-H (XII) |
| Nota libre | - Enc. hol., conservando cub. original |
| -- | - Enc. en un vol. facticio |
| -- | - Donativo de la Academia |
| 856 4# - LOCALIZACIÓN Y ACCESO ELECTRÓNICOS | |
| Identificador Uniforme de Recursos | <a href="http://bdh-rd.bne.es/viewer.vm?id=0000253417&page=1 ">http://bdh-rd.bne.es/viewer.vm?id=0000253417&page=1 </a> |
| Nota pública | Biblioteca Digital Hispánica |
| Estatus retirado | Estado de pérdida | Estado de daño | No para préstamo | Colección | Biblioteca de origen | Biblioteca actual | Ubicación en estantería | Fecha de adquisición | Fuente de adquisición | Total de préstamos | Signatura topográfica completa | Código de barras | Visto por última vez | Precio de reemplazo | Tipo de ítem Koha |
|---|---|---|---|---|---|---|---|---|---|---|---|---|---|---|---|
| Colección digital | Biblioteca del Ateneo de Madrid | Biblioteca del Ateneo de Madrid | Administración | 17/01/2008 | F-M-III-G-H (XII) | 1173572 | 23/02/2023 | 23/02/2023 | Libro impreso antiguo |
